LEADER 02347nam 2200577Ia 450 001 9910457351403321 005 20200520144314.0 010 $a1-282-79591-0 010 $a9786612795916 010 $a1-86189-698-0 035 $a(CKB)2550000000006692 035 $a(EBL)480971 035 $a(OCoLC)609854960 035 $a(SSID)ssj0000356702 035 $a(PQKBManifestationID)11262107 035 $a(PQKBTitleCode)TC0000356702 035 $a(PQKBWorkID)10366868 035 $a(PQKB)11515742 035 $a(MiAaPQ)EBC480971 035 $a(Au-PeEL)EBL480971 035 $a(CaPaEBR)ebr10430645 035 $a(EXLCZ)992550000000006692 100 $a20090223d2009 uy 0 101 0 $aeng 135 $aur|n|---||||| 181 $ctxt 182 $cc 183 $acr 200 14$aThe Arab-Israeli conflict$b[electronic resource] $ea history /$fIan J. Bickerton 210 $aLondon $cReaktion$d2009 215 $a1 online resource (250 p.) 225 1 $aContemporary worlds 300 $aDescription based upon print version of record. 311 $a1-86189-527-5 320 $aIncludes bibliographical references and index. 327 $aTHE ARAB-ISRAELI CONFLICT Cover; Imprint page; Contents; Preface; Introduction; 1: The Unfolding Situation, 2008-9; 2: Prelude: The British Mandate; 3: The First Arab-Israeli War; 4: The 1956 War; 5: Altered States: The Wars of 1967 and 1973; 6: Peace Gained, Peace Lost; 7: The First Intifada,and the Oslo Accords; 8: Darkness Returns; 9: Unfinished Business; Conclusion; References; Select Bibliography; Acknowledgements; Index 330 $aThough more than sixty years have passed since the signing of the proclamation of the State of Israel, the impact of that epochal event continues to shape the political policies and public opinion of not only the Middle East but much of the world. The con 410 0$aContemporary worlds. 606 $aArab-Israeli conflict$xHistory 607 $aArab countries$xHistory$y20th century 608 $aElectronic books. 615 0$aArab-Israeli conflict$xHistory. 676 $a956.04 700 $aBickerton$b Ian J$0989607 801 0$bMiAaPQ 801 1$bMiAaPQ 801 2$bMiAaPQ 906 $aBOOK 912 $a9910457351403321 996 $aThe Arab-Israeli conflict$92263445 997 $aUNINA LEADER 01085nam0 22002651i 450 001 UON00055714 005 20231205102245.728 100 $a20020107d1958 |0itac50 ba 101 $aeng 102 $aNL 105 $a|||| 1|||| 200 1 $aManual of Hindi for the use of colleges$eselected texts with synopsis of grammar and a complete vocabulary$fLudo Rocher 210 $aLeiden$cE. J. Brill$d1958 215 $aX, 138 p.$d28 cm 606 $aLINGUA HINDI$xLETTURE DIDATTICHE$3UONC007655$2FI 620 $aNL$dLeiden$3UONL003056 686 $aSI II IND CB$cSUBCONT. INDIANO - LINGUE INDOARIE - HINDI - GRAMMATICHE$2A 700 1$aROCHER$bLudo$3UONV014846$0642145 712 $aBrill$3UONV245886$4650 801 $aIT$bSOL$c20240220$gRICA 899 $aSIBA - SISTEMA BIBLIOTECARIO DI ATENEO$2UONSI 912 $aUON00055714 950 $aSIBA - SISTEMA BIBLIOTECARIO DI ATENEO$dSI SI II Ind Cb 022 $eSI IND681 5 022 996 $aManual of Hindi for the use of colleges$91148792 997 $aUNIOR